000
00292nam a22001217a 4500
041
_a
ENG
100
_a
Rajeshosale Suhas
245
_a
Spardha Pariksha Bhag -1
260
_a
Pune
_b
Spardh Pariksha Prakashan
_c
2000
300
_a
144
650
_a
Competitive (47)
856
_u
Competitive (47)
999
_c
3092
_d
3092